Ethel Cain lore quiz - Statistics

General Stats
  • This quiz has been taken 949 times
  • The average score is 13 of 15
Answer Stats
Question Answer % Correct
What was the name of Ethel's childhood lover? Willoughby Tucker
98%
While on the run, who does Ethel meet? Isaiah
96%
In Ptolemaea, why does Ethel scream? She is being abused
95%
In August Underground, Ethel is dead. Where was her body stored? A freezer in a basement
93%
What is happening to Ethel in Strangers? She is being eaten
91%
What was the name of Ethel's second lover (first met in Western Nights)? Logan Phelps
86%
In Sun Bleached Flies, what does Ethel still yearn for? That house in Nebraska
86%
Who sexually assaults Ethel at the age of 9? Her father
84%
What was the name of Ethel's father? Joseph Cain
84%
In Televangelism, what is Ethel doing? Ascending to Heaven
83%
What is Ethel subject to in Gibson Girl? Being pimped out and taking drugs
82%
How did the lover mentioned above die? Gunned down in a robbery gone wrong
78%
Where does the person mentioned above take Ethel? California
72%
With Ethel on the run from the law, which state does she run off to? Texas
69%
Where was Ethel raised? Shady Grove, Alabama
59%
No matching quizzes found
Score Distribution
Percent of People with Each Score
Percentile by Number Answered
Your Score History
You have not taken this quiz